000 01429nam0a2200337 4500
001 RU\NLR\bibl\1220290
005 20260406030054.0
010 _a978-5-16-002226-0
_93000
021 _aRU
_b2008-15102
_9822
035 _a(nilc)EL/0000150430
035 _a(NLR Aleph) 001206652
090 _a51843
_c51843
100 _a20071026d2008 |||y0rusy50 ca
101 0 _arus
102 _aRU
105 _aa |||||||||
200 1 _aИнновационный менеджмент
_eучебник
_eпо специальности "Менеджмент организации"
_fВ. Г. Медынский
210 _aМосква
_cИнфра-М
_d2008
215 _a293, [1] с.
_cил., табл.
_d22
225 1 _aВысшее образование
320 _aБиблиогр.: с. 289-291 (41 назв.) и в подстроч. примеч.
606 1 _aМенеджмент инновационный
_jУчебники для высших учебных заведений
_92086651
_3RU\NLR\auth\661262795
686 _a65.291.551-21я73
_vLBC/M
_2rubbk
686 _aУ9(2)-55-21я73
700 1 _4070
_8rus
_7ca
_aМедынский
_bВ.Г.
_gВладимир Григорьевич
_3RU\NLR\auth\77433
_9110484
801 0 _aRU
_bВологодская ОУНБ
_c20071026
801 1 _aRU
_bВологодская ОУНБ
_c20071026
801 2 _aRU
_bNLR
_c20080424
_grcr
942 _cBOOK
980 _aNB